000 00796nam a22002057a 4500
003 OSt
005 20251008052728.0
008 251008b |||||||| |||| 00| 0 eng d
020 _a978-971-542-862-0
040 _aDWCL-Main lib
_cOC
082 _aRes. 155.895 H236 2018
100 _aPe-Pua, Rogelia
245 _aHandbuk ng Sikolohiyang Pilipino: bolyum 1: Perspektibo at Metodolihiyang= Handbook of Filipino Psychology:
_bvolume 1 :Perspectives and methodology/
_cRogelia ,Pe-Pua
260 _aQuezon City:
_bThe University of the Philippine Press,
_c c2018.
300 _a xxvii, 707 pages :
_billustrations ;
_c26cm.
504 _aIncludes Bibliographical references
650 _a1. Filipinos- Psychology
650 _a2. Psychology- Methodology
942 _2ddc
_cBK-CIRC
_kCirc.
_n0
999 _c4719
_d4719